Jeu de la scolarité #4 - Statistiques

Statistiques générales
  • Ce quiz a été pris 2 907 fois
  • Le résultat moyen est 5 sur 12
Statistiques - réponses
Classe Matière Question Réponse % Correct
CP Culture G Aujourd'hui nous sommes mercredi, quel jour serons nous après demain ? Vendredi
100%
CE1 Maths Si il est 18h41, quelle heure sera t il dans 79 minutes ? 20h00
88%
CE2 Histoire Combien de temps dure un quinquennat ? 5 ans
86%
CM1 Français Citez une classe grammaticale invariable. Adverbes / conjonction / préposition / interjection
75%
CM2 Anglais What month comes next ? July ;... August
74%
6ème Histoire Comment s'appelle le principal temple dédié à Athéna ? Le Parthénon
56%
5ème Français "Minimaki a trouvé une bonne citation pour son examen de philosophie", Qu'est-ce que précisément "une" ? Déterminant article indéfini
21%
4ème Sciences Comment s'appelle la couche externe solide de la terre ? Lithosphère
6%
3ème Géographie Quel traité européen met en place un président de l'Union européenne en 2007 ? Traité de Lisbonne
4%
2nde Anglais Mettre le verbe (to know) à la forme qui convient : "I ... him for years." have known
3%
1ère Français Quel est le 2ème nom de l'oeuvre de Voltaire : "Candide" sorti en 1759 ? L'optimisme
2%
Terminale Philosophie Quel philosophe a étudier les idéologies dictatoriales dans son oeuvre "les origines du totalitarismes" en 1951 ? Hannah Arendt
1%
Aucun quiz correspondant
Distribution des résultats
% des personnes avec chaque résultat
Percentile par nombre de réponses
Votre historique - résultats
Vous n’avez pas pris ce quiz